Analýza ekonomických časových řad s příklady

Enregistré dans:
Détails bibliographiques
Auteur principal: Arlt, Josef
Collectivité auteur: Vysoká škola ekonomická v Praze. Fakulta informatiky a statistiky
Autres auteurs: Arltová, Markéta, Rublíková, Eva, Fabian, František, Trešl, Jiří
Format: Livre
Langue:tchèque
Publié: Praha Vysoká škola ekonomická v Praze. Nakladatelství Oeconomica 2002
Sujets:
Tags: Ajouter un tag
Pas de tags, Soyez le premier à ajouter un tag!

MARC

LEADER 00000nam$a2200000$$$4500
001 0100899
005 20240502083245.4
041 0 |a cze 
044 |a CZ 
245 1 0 |a Analýza ekonomických časových řad s příklady  |c Josef Arlt, Markéta Arltová, Eva Rublíková 
264 1 |a Praha  |b Vysoká škola ekonomická v Praze. Nakladatelství Oeconomica  |c 2002 
300 |a 147 s. 
610 2 0 |a rady časové 
610 2 0 |a pravdepodobnosť 
610 2 0 |a štatistika matematická 
610 2 0 |a analýza matematická 
610 2 0 |a modelovanie matematické 
100 1 |a Arlt, Josef 
700 1 |a Arltová, Markéta 
700 1 |a Rublíková, Eva 
700 1 |a Fabian, František 
700 1 |a Trešl, Jiří 
710 2 |a Vysoká škola ekonomická v Praze. Fakulta informatiky a statistiky